00307nam a2200109Ia 4500008004100000020002200041041001200063100003700075245003200112260003200144650002100176231221s9999 xx 000 0 und d a978-0-387-77266-0 aEnglish aLuigi V. Mancini, Roberto Pietro 0aIntrusion Detection Systems c2008bSpringer USaNew York aComputer Science